Welcome to CU Library Online Public Access Catalogue (OPAC)

The exhaustive concordance to the Greek New Testament / (Record no. 7114)

MARC details
000 -LEADER
fixed length control field 00912cam a2200253 a 4500
001 - CONTROL NUMBER
control field 4453530
005 - DATE AND TIME OF LATEST TRANSACTION
control field 20250723135828.0
008 - FIXED-LENGTH DATA ELEMENTS--GENERAL INFORMATION
fixed length control field 950914s1995 miu 001 0 eng
020 ## - INTERNATIONAL STANDARD BOOK NUMBER
International Standard Book Number 0310410304
Qualifying information hc
020 ## - INTERNATIONAL STANDARD BOOK NUMBER
International Standard Book Number 9780310410300
Qualifying information (hc)
041 0# - LANGUAGE CODE
Language code of text/sound track or separate title eng
-- gre
050 00 - LIBRARY OF CONGRESS CALL NUMBER
Classification number BS2302
Item number .K655 1995
082 00 - DEWEY DECIMAL CLASSIFICATION NUMBER
Classification number 225.4/8
Edition information 20
100 1# - MAIN ENTRY--PERSONAL NAME
Personal name Kohlenberger, John R.
245 14 - TITLE STATEMENT
Title The exhaustive concordance to the Greek New Testament /
Statement of responsibility, etc. John R. Kohlenberger III, Edward W. Goodrick, James A. Swanson.
260 ## - PUBLICATION, DISTRIBUTION, ETC.
Place of publication, distribution, etc. Grand Rapids, Mich. :
Name of publisher, distributor, etc. Zondervan Pub. House,
Date of publication, distribution, etc. c1995.
300 ## - PHYSICAL DESCRIPTION
Extent xv, 1055 p. ;
Dimensions 24 cm.
500 ## - GENERAL NOTE
General note Includes index.
650 #0 - SUBJECT ADDED ENTRY--TOPICAL TERM
Topical term or geographic name entry element Greek language, Biblical
General subdivision Glossaries, vocabularies, etc.
700 1# - ADDED ENTRY--PERSONAL NAME
Personal name Goodrick, Edward W.,
Dates associated with a name 1913-
700 1# - ADDED ENTRY--PERSONAL NAME
Personal name Swanson, James A.,
Dates associated with a name 1952-
856 42 - ELECTRONIC LOCATION AND ACCESS
Materials specified Publisher description
Uniform Resource Identifier <a href="http://www.loc.gov/catdir/enhancements/fy0633/95042793-d.html">http://www.loc.gov/catdir/enhancements/fy0633/95042793-d.html</a>
942 ## - ADDED ENTRY ELEMENTS (KOHA)
Source of classification or shelving scheme Library of Congress Classification
Koha item type Reference
Suppress in OPAC No
999 ## -
-- 7114
-- 7114
Holdings
Withdrawn status Lost status Source of classification or shelving scheme Damaged status Not for loan Collection Home library Current library Shelving location Date acquired Total checkouts Full call number Barcode Date last seen Copy number Price effective from Koha item type
    Library of Congress Classification     Reference Undergraduate Library (Christ Temple) Undergraduate Library (Christ Temple) General stacks 07/23/2025   BS2302 KON ulct00004089 07/23/2025 1 07/23/2025 Reference
© 2023-2024 Copyright: Central University Libraries. All Rights Reserved | Created by: Mahone Tech Office